Miasta Europy - Quiz na mapie - Statystyki

Ogólne statystyki
  • Ten quiz został rozwiązany 64 razy
    27 od ostatniego zresetowania
  • Średni wynik to 8 z 20
Odpowiedzi na mapie
Odpowiedzi zakodowano w zielono-czerwonej skali na mapie do tego quizu, zgodnie z poniższymi procentami.
 
Statystyki odpowiedzi
Odpowiedź % Poprawnych
Linz
88%
Nantes
83%
Wrocław
83%
Liberec
67%
Vigo
67%
Heraklion
62%
Cork
60%
Nowy Sad
60%
Genewa
56%
Funchal
50%
Kowno
50%
Liege
50%
Maribor
50%
Murmańsk
50%
Płowdiw
50%
Bitola
45%
Leeds
44%
Zadar
44%
Goteborg
43%
Bergen
40%
Bolonia
40%
Hanower
40%
Montegiardino
40%
Połock
40%
Sannat
40%
Haga
38%
Kuressaare
38%
Dyneburg
33%
Odense
33%
Pecz
33%
Nitra
30%
Prizren
30%
Odessa
29%
Keflavik
25%
Schaan
22%
Tuzla
22%
Tyraspol
20%
Krajowa
14%
Rovaniemi
14%
Durres
13%
Encamp
11%
Niksic
10%
Battendorf
9%
Nie znaleziono quizów pasujących do podanych kryteriów
Rozkład punktacji
Procent ludzi z każdym wynikiem
Percentyl według liczby udzielonych odpowiedzi
Twoja historia wyników
Nie rozwiązałeś tego quizu od ostatniego zresetowania